081_ Personnalités nées un 22 mars par images - Statistiques

Statistiques générales
  • Ce quiz a été pris 32 fois
  • Le résultat moyen est 3 sur 12
Statistiques - réponses
Par images Hint Réponse % Correct
Homme d'affaires et Politicien Jean-Michel Aulas
88%
Mime Marcel Marceau
78%
Actrice Fanny Ardant
47%
Footballeur et Entraîneur Michel Hidalgo
31%
Dirigeant Politique Paul Doumer
19%
Écrivain Erik Orsenna
16%
Politicien Pierre De Gaulle
6%
Peintre Agnès Martin
0%
Peintre Antoine van Dyck
0%
Scientifique Charles Pfizer
0%
Dirigeant Politique Guillaume Ier
0%
Écrivain James Patterson
0%
Aucun quiz correspondant
Distribution des résultats
% des personnes avec chaque résultat
Percentile par nombre de réponses
Votre historique - résultats
Vous n’avez pas pris ce quiz